000 00499nam a2200205Ia 4500
003 OSt
005 20230323102705.0
008 210210b1951 xxu||||| |||| 00| 0 eng d
040 _cAL
041 _aeng
082 _a580/79
100 _aEAMES
_976832
245 _aIntroduction to plant anatomy
260 _aNew York
_bMcGraw-Hill Publishing Company Limited
_c1951
650 _ato
_976833
690 _aBotany
_976834
700 _aMACDANIELS
_976835
906 _a010343
942 _2ddc
_cBK
999 _c138111
_d138111